000
00308nam a22001217a 4500
008
140526t xxu||||| |||| 00| 0 eng d
020
_a
81-312-0590-8
100
_a
Mark. H. Beers
_9
904
245
_a
The Merck Manual
_b
of diagnosis and therapy
250
_a
eighteen edition
300
_a
2991
942
_2
ddc
_c
BK
999
_c
17142
_d
17142